| 000 | 00628nam a22001817a 4500 | ||
|---|---|---|---|
| 999 |
_c18376 _d18376 |
||
| 003 | AR-CdUCM | ||
| 008 | 190513b ||||| |||| 00| 0 spa d | ||
| 040 |
_aMUNICIPALIDAD PROVINCIAL DEL CUSCO _cBIBLIOTECA MUNICIPAL DEL CUSCO |
||
| 082 |
_a985.009 / _bC961 |
||
| 100 |
_aCuadros Silva-Santiesteban, Gustavo _938921 |
||
| 245 | _aApuntes sobre Alfonso Ugarte / | ||
| 260 |
_aLima : _bStudium, _c1982. |
||
| 300 |
_a81 páginas ; _c22 cm. |
||
| 505 | _aAlfonso Ugarte -- Linaje de u heroe -- El hogar de los Ugarte -- El agricultor y el salitrero... | ||
| 650 |
_aAlfonso Ugarte _938922 |
||
| 942 |
_2ddc _cLIBROS |
||
| 945 | _awfj | ||